Manual of satellite communications /

Bibliographic Details
Main Author: Fthenakis, Emanuel
Format: Book
Language:English
Published: New York : McGraw-Hill, [1984]
Subjects:

MARC

Tag First Indicator Second Indicator Subfields
LEADER 00000pam a2200000 a 4500
001 in00000391721
005 20151011111029.0
008 830216s1984 nyua b 00110 eng
010 |a  83000842  
020 |a 007022594X :  |c $38.00 
035 |a (OCoLC)09322872 
035 |9 ABR6908AM 
039 0 |a 2  |b 3  |c 3  |d 3  |e 3 
040 |a DLC  |c DLC  |d TXA  |d UtOrBLW 
049 |a TXAM  |c [1119250] 
050 0 0 |a TK5104  |b .F8 1984 
082 0 |a 621.38/0422  |2 19 
100 1 |a Fthenakis, Emanuel. 
245 1 0 |a Manual of satellite communications /  |c Emanuel Fthenakis. 
264 1 |a New York :  |b McGraw-Hill,  |c [1984] 
264 4 |c ©1984 
300 |a xiii, 351 pages :  |b illustrations ;  |c 24 cm. 
336 |a text  |b txt  |2 rdacontent 
337 |a unmediated  |b n  |2 rdamedia 
338 |a volume  |b nc  |2 rdacarrier 
500 |a Includes index. 
504 |a Bibliography: pages [339]-345. 
650 0 |a Artificial satellites in telecommunication. 
999 |a MARS 
999 f f |s b605896c-a333-3d2c-875b-a09f4c8b6d56  |i f0b7c8c1-38a5-3ff1-9e33-adc90f0473dc  |t 0 
952 f f |p ric  |a Texas A&M University  |b Rellis Campus  |c Joint Library Facility  |d Remote Storage  |t 0  |e TK5104 .F8 1984  |h Library of Congress classification  |i unmediated -- volume  |m A14807653592 
998 f f |a TK5104 .F8 1984  |t 0  |l Remote Storage